New Housing Pipeline (Record no. 119298)

MARC details
000 -LEADER
fixed length control field 00824cas a22002055 4500
001 - CONTROL NUMBER
control field E152372
008 - FIXED-LENGTH DATA ELEMENTS--GENERAL INFORMATION
fixed length control field 110228c2010 xxk r p 0 a0eng u
035 ## - SYSTEM CONTROL NUMBER
System control number (Sirsi) u152372
041 0# - LANGUAGE CODE
Language code of text/sound track or separate title eng
110 2# - MAIN ENTRY--CORPORATE NAME
Corporate name or jurisdiction name as entry element Home Builders Federation
9 (RLIN) 4896
245 00 - TITLE STATEMENT
Title New Housing Pipeline
Remainder of title Quarterly Report
Medium [electronic resource]
362 0# - DATES OF PUBLICATION AND/OR SEQUENTIAL DESIGNATION
Dates of publication and/or sequential designation December 2010-
520 ## - SUMMARY, ETC.
Summary, etc. Discusses planning approvals for new residential development. Breaks figures down by region, and contains information going back to 2006.
554 ## -
-- Four per year
651 #4 - SUBJECT ADDED ENTRY--GEOGRAPHIC NAME
Geographic name United Kingdom
Chronological subdivision
690 ## - LOCAL SUBJECT ADDED ENTRY--TOPICAL TERM (OCLC, RLIN)
Topical term or geographic name as entry element PROPERTY-RESIDENTIAL PROPERTY-RESIDENTIAL PROPERTY MARKET
710 2# - ADDED ENTRY--CORPORATE NAME
Corporate name or jurisdiction name as entry element Emap Glenigan
9 (RLIN) 4719
856 40 - ELECTRONIC LOCATION AND ACCESS
Uniform Resource Identifier <a href="https://www.hbf.co.uk/Publications-Reports-Home-Builders-Federation-35461a4">https://www.hbf.co.uk/Publications-Reports-Home-Builders-Federation-35461a4</a>
Public note View the report free of charge at www.hbf.co.uk
942 ## - ADDED ENTRY ELEMENTS (KOHA)
Suppress in OPAC 0
Holdings
Withdrawn status Lost status Source of classification or shelving scheme Damaged status Not for loan Home library Current library Shelving location Date acquired Total Checkouts Full call number Barcode Date last seen Copy number Price effective from Koha item type
    Dewey Decimal Classification     Virtual Virtual Online 28/02/2011   ONLINE PUBLICATION 152372-2001 06/08/2019 1 06/08/2019 Book